000 01055nam0a2200289 4500
001 RU\NLR\bibl\177050
005 20260406161542.0
010 _a5-7142-0336-4
_9300
021 _aRU
_b2000-47912
_92207
035 _a(NLR Aleph) 000173758
090 _a1001887
_c1001887
100 _a20010815d2000 |||y0rusy50 ca
101 0 _arus
102 _aRU
105 _aa |||||||||
200 1 _aИсеть
_eЛит.-худож. альм.
_fШадрин. движение за культ. возрождение
_g[Редкол.: А.М. Бритвин и др.
_gЛинограв. В.Б. Долгушина]
210 _aШадринск
_cИсеть
_d2000
215 _a91 с.
_cграв.
_d20
686 _aШ6(2=Р)75-999
702 1 _aБритвин
_bА. М.
_4340
712 0 2 _4570
_aШадринское движение за культурное возрождение
_9361025
_3RU\NLR\AUTH\889932894
801 0 _aRU
_bNLR
_c20010815
_gPSBO
801 1 _aRU
_bNLR
_c20010815
942 _cBOOK
980 _aNB